000 02053nam a2200301 4500
003 EC-UNACH
005 20251203161935.0
006 s||||gr|||| 00| 00
008 150116t9999 mx r gr 000 0 spa d
020 _a978-84-7978-864-3
040 _aEC-UNACH
_cEC-UNACH
041 _aspa
082 0 4 _223
_a620.86
_bL018418
110 _aEdiciones Diaz de Santos S.A
245 _aSeguridad Industrial en Plantas Químicas y Energéticas
250 _aSegunda edición
264 _aEspaña
_bEdiciones Diaz de Santos S.A
_c2008
300 _a941
505 _aCapítulo 1. Accidentes: tipos, estadísticas y bancos de datos Capitulo 2. Química, física e ingeniería de los accidentes y de la extinción Capítulo 3. Gestión de la seguridad en las industrias químicas y energéticas Capítulo 4. Legislación para la seguridad industrial Capítulo 5. Introducción y generalidades Capítulo 6. Métodos cualitativos para el análisis de riesgos Capítulo 7. Métodos semicuantitativos para el análisis de riesgos Capítulo 8. Métodos cuantitativos para el análisis de riesgos Capítulo 9. Determinación de riesgos para el entorno Capítulo 10. Criterios para elegir métodos para identificación y evaluación de riesgos Capítulo 11. Introducción Capítulo 12. Seguridad, emplazamiento y distribución de planta Capítulo 13. Seguridad en el diseño de proceso Capítulo 14. Protección de sistemas eléctricos Capítulo 15. Sistemas para defensa contra incendios Capítulo 16. Sistemas para la defensa contra explosiones Capítulo 17. Medios de protección pasiva Capítulo 18. Protección de las unidades y equipo para proceso Capítulo 19. La norma iso 13.702 Capitulo 20. Gestión de los riesgos laborales
650 _aTOPOLOGÍA DE ACCIDENTES
650 _aCONCEPTOS BASICOS
650 _aREACCIONES QUIMICAS
700 _aJ.M, Storch de Gracia / T García Martin
942 _2ddc
_c1
999 _c14244